Normal view
MARC view
- Branson, Richard.
Entry Personal Name
001 - CONTROL NUMBER
- control field: 3646
003 - CONTROL NUMBER IDENTIFIER
- control field: OSt
005 - DATE AND TIME OF LATEST TRANSACTION
- control field: 20170511153146.0
008 - FIXED-LENGTH DATA ELEMENTS
- fixed length control field: 170511|| aca||aabn | a|a d
040 ## - CATALOGING SOURCE
- Original cataloging agency: OSt
- Transcribing agency: OSt
100 ## - HEADING--PERSONAL NAME
- Personal name: Branson, Richard.
670 ## - SOURCE DATA FOUND
- Source citation: Work cat.: (OSt): Dearlove, Des. 3645, The unauthorized guide to doing business the Richard Branson way, 2010.

PORTAL AKMAL
E-MEL JKDM
AKMAL2U
G-BAM
u-PUSTAKA